• 首页
  • 本馆介绍
  • 公告通知
  • 最新文献
  • 馆藏检索
  • 电子资源
  • 读者导购
  • 参考咨询
  • 我的图书馆
  • 登录
  • 详细信息显示
  • 放入我的书架
  • 预约/预借图书
  • 作者相关作品
  • 分类相关作品
  • 丛书相关作品
  • 出版社相关作品

书目信息

  • 表格格式
  • 工作单格式
  • 卡片格式
题名:
永远的汶川
    
 
作者: 赵亚辉 著
分册:  
出版信息: 北京   化学工业出版社  2008
页数: 244页, [1] 页图版
开本: 24cm
丛书名:
单 册:
中图分类: I253.9 , P316.271.4
科图分类:
主题词: 纪实文学--中国--当代--选集 , 地震--四川省--汶川县--2008
电子资源:
ISBN: 978-7-122-03128-0
000 00879nam0 2200265 45
001 1029944163
005 20100428162700.25
010    @a978-7-122-03128-0@dCNY36.00
100    @a20100420d2008 em y0chiy0110 ea
101 0  @achi
102    @aCN@b110000
105    @aa z 000yy
106    @ar
200 1  @a永远的汶川@AYong Yuan De Wen Chuan@e大地震前后的珍贵回忆@EDa Di Zhen Qian Hou De Zhen Gui Hui Yi@f赵亚辉著@FZhao Ya Hui Zhu
210    @a北京@c化学工业出版社@d2008
215    @a244页, [1] 页图版@c彩图@d24cm
300    @a重走中国西北角特别专辑
517 1  @a大地震前后的珍贵回忆@ADa Di Zhen Qian Hou De Zhen Gui Hui Yi
606 0  @a纪实文学@y中国@z当代@j选集
606 0  @a地震@y四川省@y汶川县@z2008
690    @aI253.9@v4
690    @aP316.271.4@v4
701  0 @a赵亚辉@AZhao Ya Hui@4著
801  0 @aCN@bTANGWEI@c20100428
905    @b0594645-49@dI253.9@e788@f5
    
    永远的汶川:大地震前后的珍贵回忆/赵亚辉著.-北京:化学工业出版社,2008
    244页, [1] 页图版:彩图;24cm
    重走中国西北角特别专辑
    
    ISBN 978-7-122-03128-0:CNY36.00
    
●
相关链接 在E读中查询图书 在五车中查询图书 在当当中查询图书 在豆瓣中查询图书


正题名:永远的汶川     索取号:I253.9/788         预约/预借

序号 登录号 条形码 馆藏地/架位号 状态 备注
1 0594645   205946459   第一样本阅览室/ [索取号:I253.9/788] 在馆    
2 0594646   205946468   第二借阅区/ [索取号:I253.9/788] 在馆    
3 0594647   205946477   第二借阅区/ [索取号:I253.9/788] 在馆    
4 0594648   205946486   第二借阅区/ [索取号:I253.9/788] 在馆    
5 0594649   205946495   第二借阅区/ [索取号:I253.9/788] 在馆    
唐山师范学院图书馆 欢迎您!
大连网信软件有限公司© 版权所有